Quantum Physics (Record no. 1979)

MARC details
000 -LEADER
Fixed length control field 00429nam a2200169 4500
003 - CONTROL NUMBER IDENTIFIER
Control field SEACOMEC
005 - DATE AND TIME OF LATEST TRANSACTION
Control field 20250203123910.0
008 - FIXED-LENGTH DATA ELEMENTS--GENERAL INFORMATION
Fixed length control field 250203b |||||||| |||| 00| 0 eng d
020 ## - INTERNATIONAL STANDARD BOOK NUMBER / ISBN
International Standard Book Number 978-0471057000
Price 299.00
040 ## - CATALOGING SOURCE
Original cataloging agency SEACOMEC
082 ## - DEWEY DECIMAL CLASSIFICATION NUMBER
Classification number 539
Book Number G247
100 ## - MAIN ENTRY--PERSONAL NAME
Personal name Gasiorowicz, S
245 ## - TITLE STATEMENT
Title Quantum Physics
Statement of responsibility / S Gasiorowicz
250 ## - EDITION STATEMENT
Edition statement 3rd ed
260 ## - IMPRINT
Place of publication New Delhi
Name of publisher John Wiley & Sons Inc
Date of publication 1988
942 ## - ADDED ENTRY ELEMENTS (KOHA)
Koha item type Books
Holdings
Withdrawn status Lost status Source of classification Damaged status Not for loan Home library Current library Date acquired Total Checkouts Call number Accession number Date last seen Price effective from Koha item type Copy number
    Dewey Decimal Classification     SEACOM ENGINEERING COLLEGE SEACOM ENGINEERING COLLEGE 01/08/2008   539 G247 12529 03/02/2025 03/02/2025 Books  
    Dewey Decimal Classification     SEACOM ENGINEERING COLLEGE SEACOM ENGINEERING COLLEGE 01/08/2008   539 G247 12530 03/02/2025 03/02/2025 Books 1
    Dewey Decimal Classification     SEACOM ENGINEERING COLLEGE SEACOM ENGINEERING COLLEGE 01/08/2008   539 G247 12531 03/02/2025 03/02/2025 Books 2
    Dewey Decimal Classification     SEACOM ENGINEERING COLLEGE SEACOM ENGINEERING COLLEGE 01/08/2008   539 G247 12532 03/02/2025 03/02/2025 Books 3
    Dewey Decimal Classification     SEACOM ENGINEERING COLLEGE SEACOM ENGINEERING COLLEGE 01/08/2008   539 G247 12533 03/02/2025 03/02/2025 Books 4
© Seacom Engineering College, All rights reserved.      Powered by Koha